| 000 | 00595nam a2200193Ia 4500 | ||
|---|---|---|---|
| 003 | GCL | ||
| 008 | 140319s9999 xx 000 0 ara d | ||
| 040 |
_aGCL / _cGCL |
||
| 082 | 0 | 4 |
_a301.24 _bح ع |
| 100 | 1 | _aعبدالهادى الجوهرى | |
| 245 | 1 | 0 |
_aعلم الاجتماع الحضرى: مفاهيم وقضايا / _cعبدالهادى الجوهرى |
| 700 | 1 | _aحسين دشوان | |
| 300 | _a315 ص | ||
| 490 |
_aكتاب _v0 |
||
| 650 | 0 | 4 | _aالاجتماع الحضرى |
| 650 | 0 | 4 | _aالاجتماع، علم |
| 650 | 0 | 4 | _aالبعد الاجتماعى |
| 942 |
_2ddc _cBK |
||
| 999 |
_c42220 _d42220 |
||